000 00569nam a2200193 a 4500
001 HSB005878 CDL005013
003 PILC
005 20160222075922.0
008
020 _a9781412919357
020 _a1412919355
050 _aBF 723.A4
_b.M349 2006
100 _aMarris, Brian.
245 0 _aTeaching anger management and problem-solving skills /
_cBrian Marris and Tina Rae.
260 _aLondon :
_bPaul Chapman,
_c2006.
300 _avi, 77 pages :
_billustrations ;
_c24 cm.
650 _aAnger.
942 _2lcc
_cBK
_kFOR
999 _c275894
_d275894